5HLuxD.jpg

KING HENRY VIII SENIOR AND PRIMARY SCHOOL LIBRARY OPAC

GEORGE'S MARVELLOUS MEDICINE (Record no. 4940)

000 -LEADER
fixed length control field 00299nam a22001217a 4500
008 - FIXED-LENGTH DATA ELEMENTS--GENERAL INFORMATION
fixed length control field 250424b ||||| |||| 00| 0 eng d
020 ## - INTERNATIONAL STANDARD BOOK NUMBER
International Standard Book Number 9780141371405
082 ## - DEWEY DECIMAL CLASSIFICATION NUMBER
Classification number 823.914 DAH
100 ## - MAIN ENTRY--PERSONAL NAME
Personal name DAHL,ROALD
Relator term AUTHOR
245 ## - TITLE STATEMENT
Title GEORGE'S MARVELLOUS MEDICINE
260 ## - PUBLICATION, DISTRIBUTION, ETC.
Name of publisher, distributor, etc. PUFFIN BOOKS
Date of publication, distribution, etc. 1982
942 ## - ADDED ENTRY ELEMENTS (KOHA)
Source of classification or shelving scheme
Holdings
Withdrawn status Lost status Source of classification or shelving scheme Damaged status Not for loan Collection code Permanent Location Current Location Shelving location Date acquired Total Checkouts Full call number Barcode Date last seen Date last checked out Price effective from Koha item type Public note
          Fiction KH8 Primary School Library KH8 Primary School Library Fiction 2025-04-24 7 823.914 DAH KHPL000006801 2026-04-16 2026-04-09 2025-04-24 Books - Fiction KH8 PRIMARY LIBRARY

Powered By KH8 IT Dept